Statistics for Movies with elements in the title

Click here to take the quiz!

General Stats

  • This quiz has been taken 54 times
  • The average score is 10 of 20

Answer Stats

Date Movie % Correct
1925The {Gold} Rush
100%
1958Cat on a Hot {Tin} Roof
90%
1931{Platinum} Blonde
80%
1954The {Silver} Chalice
78%
1944{Arsenic} and Old Lace
71%
2008{Iron} Man
65%
1981{Carbon} Copy
65%
1996Superman: The Last Son of {Krypton}
63%
1950{Copper} Canyon
59%
1998{Mercury} Rising
57%
1978Hot {Lead} and Cold Feet
43%
1991{Neon} City
43%
2008My {ZInc} Bed
39%
1955Dig that {Uranium}
31%
1992The {Argon} Quest
31%
1987{Plutonium} Baby
29%
2004{Lithium} Springs
29%
2009{Sodium} Babies
29%
2004The {Calcium} Kid
24%
1946Little {Iodine}
10%

Score Distribution

Percentile by Number Answered

Percent of People with Each Score

Your Score History

You have not taken this quiz